[Event "POL-chT DMP Ekstraliga 2019"]
[Site "Katowice"]
[Date "2019.08.31"]
[Round "4.13"]
[White "Wojtaszek, Radoslaw"]
[Black "Brodowski, Piotr"]
[Result "1-0"]
[WhiteElo "2739"]
[BlackElo "2430"]
[Annotator "TA"]
[PlyCount "73"]
[EventDate "2019.08.28"]
[EventType "team-tourn"]
[EventCountry "POL"]
[SourceTitle "playchess.com"]
[Source "ChessBase"]
[SourceQuality "1"]

{[%evp 15,73,71,107,67,65,76,111,100,101,77,166,172,214,197,205,205,200,196,198,201,185,199,197,196,208,199,207,213,214,202,203,195,207,163,172,164,167,152,179,171,169,168,186,183,172,177,258,258,282,282,281,277,318,318,318,318,311,310,560,560]} 1. d4 g6 2. c4 Bg7 3. e4 d6 4. Nc3 Nc6 5. d5 Nd4 6. Be3 e5 7. Nge2 Nxe2 8. Bxe2 Ne7 9. c5 {A42: Modern Defence: Averbakh Variation} dxc5 $146 ({Predecessor:} 9... O-O 10. Rc1 f5 11. f3 fxe4 12. fxe4 Kh8 13. cxd6 cxd6 14. Qd2 Ng8 15. Bg5 Bf6 16. Bxf6+ Nxf6 {½-½ (45) Dziuba,M (2576)-Malakhov,V (2716) Warsaw 2013}) 10. Bxc5 O-O 11. O-O {White is better.} b6 12. Ba3 Bb7 (12... Re8 $16 {was worth a try.}) 13. Nb5 $18 Bh6 14. Qc2 c5 15. dxc6 Nxc6 16. Rad1 ({Don't take} 16. Bxf8 Bxf8 17. Rad1 Nd4 $16) 16... Nd4 17. Nxd4 exd4 18. Bxf8 Bxf8 19. Bc4 Rc8 20. Qd3 Qh4 21. Qxd4 Qxe4 22. Qxe4 Bxe4 23. Rd4 Bf5 24. Rfd1 Rc7 25. g4 Bc8 26. b3 Bc5 27. Rd8+ Kg7 28. h3 h5 29. gxh5 Bxh3 30. hxg6 Kxg6 (30... fxg6 {was called for.} 31. Rg8+ Kh7) 31. R1d3 Bf5 32. Rg3+ Kf6 33. Rf3 {[#] Hoping for Rd5.} Ke7 34. Rh8 ({Weaker is} 34. Rxf5 Kxd8 35. Bxf7 Ba3 $14) 34... Be6 35. Bxe6 Kxe6 36. Rh6+ Ke7 $2 {[#]} (36... Ke5 37. Rhf6 a5 38. Rxf7 Rc8) 37. Rxf7+ $1 {[%mdl 512] Accuracy: White = 90%, Black = 37%.} 1-0

[Event "POL-chT DMP Ekstraliga 2019"]
[Site "Katowice"]
[Date "2019.08.31"]
[Round "4.14"]
[White "Skawinski, Arkadiusz"]
[Black "Navara, David"]
[Result "0-1"]
[WhiteElo "2398"]
[BlackElo "2724"]
[Annotator "RC"]
[PlyCount "66"]
[EventDate "2019.08.28"]
[EventType "team-tourn"]
[EventCountry "POL"]
[SourceTitle "playchess.com"]
[Source "ChessBase"]
[SourceQuality "1"]
[TimeControl "40/5400+30:1800+30"]

1. e4 {[%emt 0:00:00]} c5 {[%emt 0:00:00]} 2. Nf3 {[%emt 0:00:00]} e6 {[%emt 0:00:00]} 3. b3 {[%emt 0:00:00]} b6 {[%emt 0:00:00]} 4. Bd3 {[%emt 0:00:00]} Bb7 {[%emt 0:00:00]} 5. O-O {[%emt 0:00:13]} Nc6 {[%emt 0:00:00]} 6. Re1 {[%emt 0:00:04]} Be7 {[%emt 0:00:00]} 7. Bb2 {[%emt 0:00:07]} f6 {[%emt 0:00:04]} 8. Bf1 {[%emt 0:03:18]} Nh6 {[%emt 0:00:09]} 9. d4 {[%emt 0:10:41]} cxd4 {[%emt 0:00:12]} 10. Nxd4 {[%emt 0:00:04]} Nxd4 {[%emt 0:00:43]} 11. Bxd4 {[%emt 0:00:26]} O-O {[%emt 0:00:10]} 12. c4 {[%emt 0:00:23]} f5 {[%emt 0:00:18]} 13. Nc3 {[%emt 0:06:58]} Bb4 {[%emt 0:08:04]} 14. e5 {[%emt 0:06:03]} f4 {[%emt 0:02:18]} 15. Bd3 {[%emt 0:25:31]} Qh4 {[%emt 0:18:20]} 16. f3 {[%emt 0:14:40]} Ng4 {[%emt 0:03:19]} 17. h3 {[%emt 0:09:34]} Ne3 {[%emt 0:03:33]} 18. Qe2 {[%emt 0:02:34]} Rac8 {[%emt 0:01:50]} 19. Qf2 {[%emt 0:06:24]} Qg5 {[%emt 0:02:59]} 20. Nb5 {[%emt 0:06:13]} Bc5 {[%emt 0:01:50]} 21. Rac1 {[%emt 0:03:44]} a6 {[%emt 0:04:57]} 22. Bxc5 {[%emt 0:01:22]} Rxc5 {[%emt 0:00:05]} 23. Nd6 {[%emt 0:01:02]} Ba8 {[%emt 0:00:09]} 24. Be4 {[%emt 0:00:40]} Rxe5 {[%emt 0:07:10]} 25. Bxa8 {[%emt 0:00:49]} Rxa8 {[%emt 0:00:08]} 26. Ne4 {[%emt 0:00:03]} Qg6 {[%emt 0:02:26]} 27. Rxe3 {[%emt 0:01:52]} fxe3 {[%emt 0:00:09]} 28. Qxe3 {[%emt 0:00:03]} d5 {[%emt 0:01:21]} 29. Qd4 {[%emt 0:00:08]} dxe4 {[%emt 0:01:15]} 30. Qxe5 {[%emt 0:00:15]} exf3 {[%emt 0:00:07]} 31. g4 {[%emt 0:00:40]} Qh6 {[%emt 0:05:50]} 32. Re1 {[%emt 0:00:41]} Rf8 {[%emt 0:00:06]} 33. g5 {[%emt 0:01:15]} f2+ {[%emt 0:00:11]} 0-1

[Event "POL-chT DMP Ekstraliga 2019"]
[Site "Katowice"]
[Date "2019.08.31"]
[Round "4.15"]
[White "Socko, Bartosz"]
[Black "Luch, Michal"]
[Result "1/2-1/2"]
[WhiteElo "2625"]
[BlackElo "2393"]
[Annotator "TA"]
[PlyCount "83"]
[EventDate "2019.08.28"]
[EventType "team-tourn"]
[EventCountry "POL"]
[SourceTitle "playchess.com"]
[Source "ChessBase"]
[SourceQuality "1"]

{[%evp 11,83,1,17,14,23,0,24,19,50,52,32,24,62,75,68,59,77,52,81,78,87,51,54,54,61,60,56,43,58,58,70,66,103,97,153,120,168,83,80,58,133,139,129,135,130,132,208,210,199,11,11,10,9,11,12,7,5,0,12,0,0,0,0,0,0,0,0,0,0,0,0,0,0,0]} 1. c4 e5 2. g3 Nf6 3. Bg2 c6 4. d4 exd4 5. Qxd4 d5 6. Nf3 dxc4 7. Qxc4 {A20: English Opening: 1...e5} Be6 8. Qa4 (8. Qc2 Na6 9. a3 Nc5 10. Nbd2 a5 {½-½ (10) Bezold,M (2509)-Teske,H (2475) Berlin 2015}) 8... Qb6 (8... Nbd7 {seems wilder.} 9. Nc3 Bc5 10. O-O O-O 11. Qc2 Qe7) 9. O-O {White has an edge.} Bc5 10. Nc3 O-O $146 ({Predecessor:} 10... Na6 11. Ng5 Nc7 12. Qc2 Be7 13. Bf4 O-O-O 14. Rab1 Nfd5 15. Nxe6 fxe6 16. Nxd5 exd5 {1-0 (32) Brunner,L (2350)-Treppner,G (2305) Germany 1986}) 11. Ng5 Nbd7 12. Nxe6 fxe6 13. e3 Rae8 14. Qc2 Bb4 15. Bd2 Nd5 16. Rac1 Nxc3 17. Bxc3 Bxc3 18. Qxc3 Nf6 19. Qa3 Nd5 20. Rc4 Rd8 21. Rd4 e5 22. Rd3 Nb4 (22... Nf6 $142) 23. Qb3+ Kh8 24. Rdd1 (24. Rxd8 $18 Rxd8 25. Rd1 Rxd1+ 26. Qxd1) 24... Nd5 $16 25. Qc4 Qxb2 ({Better is} 25... Nf6 $14) 26. Rb1 b5 {[#] Hoping for ...Qxb1.} 27. Qxc6 ({Resist} 27. Rxb2 $6 bxc4 28. Rc2 c3) ({Don't go for} 27. Qxd5 $2 Qxb1 28. Qxc6 Rd1 $19) 27... Qxa2 28. Rxb5 Nf6 (28... e4 $16 {keeps fighting.} 29. Qc5 Nf6) 29. Rxe5 $18 Ng4 30. Qe6 $2 ({White should play} 30. Rg5 $18 Nf6 31. Rb5) 30... Rxf2 $11 {[#]The position is equal.} 31. Qe8+ $1 {[%mdl 512]} Qg8 $132 {[%mdl 2048] Black is not keeping still} (31... Rxe8 32. Rxe8+) 32. Qxg8+ Kxg8 33. Re7 Rxf1+ 34. Bxf1 {[%mdl 4096] Endgame KRB-KRN} Rd1 35. h3 Nh2 36. Kxh2 Rxf1 37. Rxa7 {KR-KR} Rf2+ 38. Kg1 Rf3 39. Ra8+ Kf7 40. Ra7+ Kf6 41. Ra6+ Kf7 42. Ra7+ {Accuracy: White = 59%, Black = 46%.} 1/2-1/2

[Event "POL-chT DMP Ekstraliga 2019"]
[Site "Katowice"]
[Date "2019.08.31"]
[Round "4.16"]
[White "Butkiewicz, Lukasz"]
[Black "Gajewski, Grzegorz"]
[Result "1/2-1/2"]
[WhiteElo "2436"]
[BlackElo "2613"]
[Annotator "TA"]
[PlyCount "86"]
[EventDate "2019.08.28"]
[EventType "team-tourn"]
[EventCountry "POL"]
[SourceTitle "playchess.com"]
[Source "ChessBase"]
[SourceQuality "1"]

{[%evp 17,86,19,27,26,24,11,8,7,6,6,31,-3,22,-4,-4,-4,-2,-3,0,-3,-4,-4,-4,-4,-4,-9,-7,-6,-4,-35,-35,-35,-30,-35,-35,-35,-35,-35,-35,-35,-35,-35,-35,-35,-35,-35,-35,-35,-35,-35,-35,-35,-35,-36,-36,-39,-35,-35,-35,-35,-35,-35,-35,-35,0,0,0,0,0,0,0]} 1. d4 Nf6 2. c4 e6 3. Nc3 Bb4 4. Qc2 O-O 5. Nf3 d5 6. a3 Bxc3+ 7. Qxc3 Ne4 8. Qc2 b6 9. e3 Bb7 10. Bd3 {E37: Nimzo-Indian: Classical: 4...d5 5 a3 Bxc3+ 6 Qxc3 Ne4} Nd7 11. b3 (11. cxd5 exd5 12. O-O c5 13. dxc5 Ndxc5 14. b4 Nxd3 15. Qxd3 Rc8 16. Bb2 Qe7 17. Rac1 Nd6 {½-½ (40) Urkedal,F (2572)-Anand,V (2767) chess.com INT 2018}) 11... c5 12. Bb2 Rc8 13. O-O h6 $146 ({Predecessor:} 13... Ndf6 14. Qe2 Qe7 15. Rac1 Rfd8 16. Ne5 Nd7 17. f3 Nef6 18. Rfd1 Nxe5 19. dxe5 Nd7 {1-0 (44) Kiriakov,P (2515)-Frendzas,P (2405) Papanastasio 1996}) 14. Rfd1 Qe7 15. Bxe4 (15. Qe2 {keeps more tension.} Rfd8 16. a4 Nd6 17. Rdc1 a5 18. Rab1) 15... dxe4 16. Ne5 Nxe5 17. dxe5 Rfd8 18. Rxd8+ Rxd8 19. Rd1 Rd3 20. Rxd3 exd3 21. Qxd3 Qg5 {[%csl Gb7][%cal Rg5g2] [#]} 22. e4 Qh4 23. g3 (23. Qc3 {feels hotter.} Bxe4 24. f3 Bg6 25. Bc1 a5 26. Bd2) 23... Qxe4 24. Qxe4 Bxe4 $15 {[%mdl 4096] Endgame KB-KB} 25. b4 cxb4 26. axb4 Bd3 27. c5 bxc5 28. bxc5 Bb5 29. f4 Kf8 30. Kf2 Ke7 31. Ke3 Kd7 32. Kd4 Kc6 33. Bc1 Be2 34. Bb2 Kb5 35. Bc3 Bf3 36. Bd2 h5 37. Bc1 Bd5 38. Bd2 Bc6 39. Bc1 a5 40. Bb2 g6 41. Bc1 {The position is equal.} Bd5 42. Bb2 a4 43. Ba3 $1 Bc6 {Accuracy: White = 70%, Black = 89%.} 1/2-1/2

[Event "POL-chT DMP Ekstraliga 2019"]
[Site "Katowice"]
[Date "2019.08.31"]
[Round "4.17"]
[White "Bulski, Krzysztof"]
[Black "Bronowicki, Mateusz"]
[Result "1/2-1/2"]
[WhiteElo "2537"]
[BlackElo "2271"]
[Annotator "ChessBase"]
[PlyCount "83"]
[EventDate "2019.08.28"]
[EventType "team-tourn"]
[EventCountry "POL"]
[SourceTitle "playchess.com"]
[Source "ChessBase"]
[SourceQuality "1"]
[TimeControl "40/5400+30:1800+30"]

1. Nf3 {[%emt 0:00:00]} e6 {[%emt 0:01:59]} 2. c4 {[%emt 0:00:07]} b6 {[%emt 0:02:11]} 3. Nc3 {[%emt 0:01:33]} Bb7 {[%emt 0:00:50]} 4. e4 {[%emt 0:03:24]} c5 {[%emt 0:01:05]} 5. d4 {[%emt 0:05:49]} cxd4 {[%emt 0:00:59]} 6. Qxd4 {[%emt 0:00:24]} d6 {[%emt 0:05:19]} 7. Bg5 {[%emt 0:08:52]} Nf6 {[%emt 0:08:18]} 8. Rd1 {[%emt 0:07:00]} Be7 {[%emt 0:06:29]} 9. Be2 {[%emt 0:10:24]} O-O {[%emt 0:03:38]} 10. O-O {[%emt 0:07:35]} Nbd7 {[%emt 0:04:24]} 11. e5 {[%emt 0:06:25]} Nxe5 {[%emt 0:02:46]} 12. Nxe5 {[%emt 0:00:28]} dxe5 {[%emt 0:00:02]} 13. Qxe5 {[%emt 0:00:06]} Qb8 {[%emt 0:02:04]} 14. Qe3 {[%emt 0:12:57]} Bc5 {[%emt 0:04:19]} 15. Qh3 {[%emt 0:01:26]} Qe5 {[%emt 0:03:26]} 16. Qh4 {[%emt 0:08:49]} Ne4 {[%emt 0:10:23]} 17. Bf4 {[%emt 0:01:08]} Qf6 {[%emt 0:01:38]} 18. Qxf6 {[%emt 0:00:40]} Nxf6 {[%emt 0:05:17]} 19. a3 {[%emt 0:01:51]} Rfd8 {[%emt 0:02:52]} 20. Nb5 {[%emt 0:08:10]} Ne4 {[%emt 0:04:48]} 21. Rxd8+ {[%emt 0:04:40]} Rxd8 {[%emt 0:00:20]} 22. Nxa7 {[%emt 0:00:07]} e5 {[%emt 0:13:54]} 23. Bc1 {[%emt 0:02:26]} Rd6 {[%emt 0:01:21]} 24. b4 {[%emt 0:03:35]} Nc3 {[%emt 0:01:03]} 25. Bg4 {[%emt 0:01:19]} Bd4 {[%emt 0:02:53]} 26. h3 {[%emt 0:01:07]} Rg6 {[%emt 0:01:06]} 27. Kh2 {[%emt 0:01:23]} h5 {[%emt 0:03:02]} 28. Bf3 {[%emt 0:00:04]} Bxf3 {[%emt 0:00:20]} 29. gxf3 {[%emt 0:00:03]} Rf6 {[%emt 0:00:28]} 30. Kg2 {[%emt 0:00:15]} Rg6+ {[%emt 0:00:09]} 31. Kh2 {[%emt 0:00:02]} Rf6 {[%emt 0:00:08]} 32. Be3 {[%emt 0:02:06]} Rxf3 {[%emt 0:02:12]} 33. Kg2 {[%emt 0:00:04]} Rf6 {[%emt 0:00:09]} 34. Nb5 {[%emt 0:01:01]} Nxb5 {[%emt 0:02:42]} 35. cxb5 {[%emt 0:00:03]} Bxe3 {[%emt 0:00:04]} 36. fxe3 {[%emt 0:00:03]} Rxf1 {[%emt 0:00:09]} 37. Kxf1 {[%emt 0:00:04]} Kf8 {[%emt 0:00:01]} 38. Ke2 {[%emt 0:00:25]} e4 {[%emt 0:02:31]} 39. a4 {[%emt 0:01:06]} Ke7 {[%emt 0:00:03]} 40. a5 {[%emt 0:00:00]} Kd7 {[%emt 0:00:00]} 41. h4 {[%emt 0:02:51]} f6 {[%emt 0:03:56]} 42. Kf2 {[%emt 0:01:55]} 1/2-1/2

[Event "POL-chT DMP Ekstraliga 2019"]
[Site "Katowice"]
[Date "2019.08.31"]
[Round "4.18"]
[White "Bartel, Marta"]
[Black "Socko, Monika"]
[Result "1/2-1/2"]
[WhiteElo "2244"]
[BlackElo "2436"]
[Annotator "TA"]
[PlyCount "262"]
[EventDate "2019.08.28"]
[EventType "team-tourn"]
[EventCountry "POL"]
[SourceTitle "playchess.com"]
[Source "ChessBase"]
[SourceQuality "1"]

{[%evp 9,262,29,40,45,39,35,38,52,46,33,58,20,58,41,58,43,117,117,104,95,89,106,109,122,87,93,92,104,97,87,114,45,97,106,104,102,109,97,124,103,101,85,85,85,89,73,73,73,73,73,73,54,60,60,67,34,58,27,56,34,50,9,61,12,16,0,14,0,33,38,59,57,50,0,0,0,0,0,0,0,0,0,0,-6,0,0,0,0,0,0,0,0,0,0,0,0,0,0,0,0,0,0,0,0,0,0,0,0,0,0,0,-8,0,0,0,0,0,0,0,-8,0,0,0,-8,0,0,0,0,0,0,0,0,0,0,0,0,0,0,0,0,0,0,0,0,0,0,0,0,0,-8,-8,-8,-8,-8,-8,-8,-8,-8,-8,-8,-8,-8,0,0,0,0,0,0,0,0,0,0,0,0,0,0,0,0,0,0,0,0,0,0,0,0,0,0,0,0,0,0,0,0,0,0,0,0,0,0,0,0,0,0,0,0,0,0,0,0,0,0,0,0,0,0,0,0,0,0,0,0,0,0,0,0,0,0,0,0,0,0,0,0,0,0,0,0,0,0,0,0,0,0,0,0,0,0,0,0,0,0,0,0,0]} 1. d4 e6 2. c4 Nf6 3. Nf3 Bb4+ 4. Nbd2 a5 5. a3 Be7 6. e4 {E11: Bogo-Indian} d5 7. e5 Nfd7 8. cxd5 {White is slightly better.} exd5 9. Nb1 Nb6 10. Nc3 Nc6 11. Bd3 $146 ({Predecessor:} 11. h3 Bf5 12. Bd3 Bxd3 13. Qxd3 {½-½ (36) Wojtaszek,R (2744)-Ivanchuk,V (2715) Wijk aan Zee 2015}) 11... Bg4 12. Be3 Nc4 (12... O-O $14) 13. Bxc4 $16 dxc4 14. Qa4 O-O 15. Qxc4 Qd7 16. h3 Bxf3 17. gxf3 Rfd8 {[%cal Rc6d4]} 18. Rd1 Rab8 19. Qb5 Bf8 20. Ne4 (20. f4 $16) 20... Ne7 ({Black should play} 20... Qf5 $14) 21. Qxd7 Rxd7 22. Rg1 {[#] Hoping for Nf6+.} Kh8 23. Rc1 Nd5 24. f4 f5 25. Nc3 {Threatens to win with Nxd5.} c6 26. Nxd5 Rxd5 27. Ke2 Be7 28. Rc4 Kg8 29. Rgc1 Kf7 30. R1c3 Rb5 31. Rc2 Rd8 32. R4c3 Ke6 33. Rd3 (33. a4 $5 {[%cal Ra4b5]} Rbd5 34. Rc1 $14) 33... Rd7 34. Rcd2 h6 35. Rc2 (35. a4 $5 {[%cal Ra4b5]} Rbd5 36. Rd1 $14) 35... Bd8 (35... g5 $11) 36. Rdc3 Bb6 37. Rc4 Bd8 38. a4 Rbd5 39. Rc5 g5 40. Rxd5 Rxd5 $14 {[%mdl 4096] Endgame KRB-KRB} 41. Kf3 gxf4 {The position is equal.} 42. Kxf4 Bg5+ 43. Kf3 f4 $1 {[%cal Rf4e3]} 44. h4 fxe3 45. hxg5 exf2 46. Kxf2 Rxd4 47. gxh6 $11 {KR-KR} Rh4 48. Rc5 Rxh6 49. Rxa5 Rh2+ 50. Ke3 Rxb2 51. Kd4 Rd2+ 52. Kc4 Rd1 53. Kc3 Rb1 54. Kc2 Rh1 55. Kc3 Rd1 56. Kc2 Rg1 (56... Ra1 {is interesting.} 57. Kb2 Rh1 58. Kc3) 57. Kc3 Rf1 58. Ra7 Rf7 59. Ra5 Rf4 60. Ra7 Rf7 61. Ra5 Rg7 62. Kc2 Rg4 63. Kc3 Rh4 64. Ra7 Rh7 65. Ra5 Rh1 66. Kc2 Ra1 67. Kb2 $1 {[%cal Rb2a1]} Rd1 68. Kc2 Rd8 (68... Rd4 {is more complex.} 69. Kb3 Kd7 70. Ra8 Re4 71. Rb8 Kc7) 69. Kc3 Kf5 70. Kc4 Rd7 71. Kc3 Rh7 72. Kd4 Rc7 73. Kc3 Ke4 74. Kc4 Re7 {[#]} 75. e6 $1 {[%mdl 512]} Rxe6 76. Ra7 Re7 {aiming for ...b5+!} 77. a5 Rd7 78. Kc3 Rd3+ 79. Kc2 Rd5 80. Rxb7 Rxa5 81. Kc3 Rc5+ 82. Kd2 Kd4 83. Rh7 Kc4 84. Kc2 Rd5 85. Rh6 c5 86. Rh4+ Kb5 87. Kc3 Rg5 88. Rh3 Rg4 89. Rh8 Rg3+ 90. Kc2 Kb4 91. Rh4+ c4 {And now ...Rg2+ would win.} 92. Rh2 Ra3 {( -> ...Ra2+)} 93. Rh8 Ra2+ 94. Kb1 Rd2 {Black wants to play ...Kb3.} 95. Kc1 Kc3 96. Rh3+ Rd3 97. Rh2 Rg3 {[%cal Rg3g1]} 98. Rc2+ Kb4 99. Rb2+ Kc5 (99... Ka3 {feels hotter.} 100. Rh2 Rc3+ 101. Kb1 Kb4 102. Rb2+ Rb3) 100. Rh2 Ra3 101. Rh7 Ra2 102. Kb1 Rg2 103. Kc1 Kb4 104. Rh3 Rf2 105. Rg3 Re2 106. Rh3 Kc5 107. Rh5+ Kd4 (107... Kb4 $5 {[%cal Rb4b3]}) 108. Rh4+ Kc3 {[%cal Re2e1]} 109. Rh3+ Kb4 110. Rg3 Re1+ 111. Kc2 Rh1 112. Rf3 Rh2+ 113. Kc1 Kc5 114. Rf5+ Kd4 115. Rf4+ Kd3 {White must now prevent ...Rh1+.} (115... Kc3 $5 116. Rf3+ $8 Kd4 $11) 116. Rf3+ Ke4 117. Rg3 (117. Rf8 {seems wilder.} Rh1+ 118. Kd2 Rh3 119. Re8+ Kd5 120. Rd8+) 117... Re2 118. Rh3 Kd4 119. Rg3 Kc5 120. Rh3 Kb4 (120... c3 {is more complex.} 121. Rxc3+ Kb4 122. Rc8 Rh2 123. Kb1 Rh1+) 121. Rg3 Rh2 122. Rf3 Rh4 123. Kc2 $1 Rh7 124. Rg3 Ra7 125. Kb2 Ra8 126. Rh3 Rg8 127. Kc2 Rg4 128. Rf3 c3 {...Rg2+ is the strong threat.} 129. Rf8 Rg2+ 130. Kc1 Re2 131. Rb8+ Kc4 {Accuracy: White = 79%, Black = 61%.} 1/2-1/2

[Event "POL-chT DMP Ekstraliga 2019"]
[Site "Katowice"]
[Date "2019.08.31"]
[Round "4.19"]
[White "Huschenbeth, Niclas"]
[Black "Matuszewski, Michal"]
[Result "0-1"]
[WhiteElo "2620"]
[BlackElo "2518"]
[Annotator "TA"]
[PlyCount "94"]
[EventDate "2019.08.28"]
[EventType "team-tourn"]
[EventCountry "POL"]
[SourceTitle "playchess.com"]
[Source "ChessBase"]
[SourceQuality "1"]

{[%evp 13,94,11,14,0,0,-1,0,-14,18,-31,-31,-21,-8,-39,-33,-46,-52,-49,-44,-66,-47,-56,-47,-51,-46,-115,-114,-106,-102,-95,-95,-114,-81,-93,-86,-122,-124,-120,-109,-112,-121,-191,-188,-189,-189,-187,-189,-202,-191,-186,-190,-228,-230,-257,-255,-360,-346,-340,-352,-344,-336,-609,-600,-941,-943,-909,-924,-909,-886,-814,-579,-702,-693,-942,-881,-1268,-1308,-1258,-1236,-1895,-1713,-1591,-1590]} 1. e4 c5 2. Nf3 a6 3. c3 d5 4. exd5 Nf6 5. d4 cxd4 6. cxd4 Nxd5 7. Nc3 Nc6 {[%cal Bb8c6,Bc6a5,Ba5b3][%mdl 32]} 8. Bc4 {B13: Caro-Kann: Exchange Variation and Panov-Botvinnik Attack} Be6 {Strongly threatening ...Nxc3.} 9. Bb3 (9. Qe2 Nxc3 10. bxc3 Bxc4 11. Qxc4 e6 12. Rb1 Qd7 13. Qb3 b5 14. a4 Na5 15. Qc2 Bd6 16. axb5 axb5 {1-0 (70) Kryvoruchko,Y (2707)-Fier,A (2580) Dubai 2014}) 9... Na5 10. Ng5 {The position is equal.} Qd7 $146 ({Predecessor:} 10... Nxc3 11. bxc3 Bd5 12. O-O Rc8 13. Bd2 Nc4 14. Ba4+ b5 15. Bc2 e6 {½-½ (44) Kazakov,M (2400)-Mrva,M (2445) Tatranska Lomnica 1998}) 11. O-O Nxb3 12. axb3 Bg4 13. Qd3 e6 14. Re1 Be7 15. Qg3 Bf5 16. Nf3 O-O $1 17. Ne5 Qd8 18. Bh6 {[%csl Gh6][%cal Rg3g7]} Bf6 19. Bd2 (19. h4 $15) 19... Bh4 20. Qf3 {[#]} Nb4 $1 21. Rad1 Nc2 22. Rf1 f6 23. Nc4 Nxd4 24. Qh5 {[#] Black must now prevent Be3.} Bg5 $1 25. Bxg5 fxg5 26. Ne5 Qd6 27. Rfe1 (27. Nf3 $17 e5 28. Nxg5) 27... Bc2 $19 28. Rd2 Rf5 ({Inferior is} 28... Bxb3 29. Re4 $16) 29. Nc4 Qf4 30. f3 Nxb3 31. Rxc2 {Threatens to win with Ne2.} Qxc4 $40 {[%mdl 128] Black is out for blood.} 32. Rce2 Nc5 33. Rd1 Nd3 34. Red2 (34. Qg4 $142 Qc5+ 35. Kf1) 34... Qc5+ 35. Kf1 Nf4 36. Qg4 Raf8 37. Ne4 $2 (37. Qg3) 37... Qb5+ {Black is clearly winning.} 38. Kf2 h5 39. Qg3 h4 40. Qg4 Qb6+ 41. Kf1 Nd5 {Hoping for ...Ne3+.} 42. Rxd5 exd5 43. Nc3 Qxb2 44. Nxd5 Re5 45. Qc4 Kh8 {( -> ...h3!)} 46. h3 b5 47. Qd3 Rd8 {Accuracy: White = 41%, Black = 92%.} 0-1

[Event "POL-chT DMP Ekstraliga 2019"]
[Site "Katowice"]
[Date "2019.08.31"]
[Round "4.20"]
[White "Leniart, Arkadiusz"]
[Black "Hracek, Zbynek"]
[Result "1/2-1/2"]
[WhiteElo "2488"]
[BlackElo "2572"]
[Annotator "ChessBase"]
[PlyCount "117"]
[EventDate "2019.08.28"]
[EventType "team-tourn"]
[EventCountry "POL"]
[SourceTitle "playchess.com"]
[Source "ChessBase"]
[SourceQuality "1"]
[TimeControl "40/5400+30:1800+30"]

1. e4 {[%emt 0:00:00]} c5 {[%emt 0:00:00]} 2. c3 {[%emt 0:00:00]} Nf6 {[%emt 0:00:00]} 3. e5 {[%emt 0:00:00]} Nd5 {[%emt 0:00:00]} 4. Nf3 {[%emt 0:00:01]} d6 {[%emt 0:00:00]} 5. exd6 {[%emt 0:01:37]} Qxd6 {[%emt 0:00:10]} 6. d4 {[%emt 0:07:28]} e6 {[%emt 0:04:13]} 7. Na3 {[%emt 0:03:50]} Nc6 {[%emt 0:09:11]} 8. Nb5 {[%emt 0:18:07]} Qd8 {[%emt 0:00:42]} 9. c4 {[%emt 0:05:44]} Nc7 {[%emt 0:05:03]} 10. dxc5 {[%emt 0:17:51]} Bxc5 {[%emt 0:02:04]} 11. Qxd8+ {[%emt 0:01:33]} Kxd8 {[%emt 0:01:42]} 12. Nc3 {[%emt 0:00:43]} e5 {[%emt 0:12:10]} 13. Be3 {[%emt 0:03:42]} Bxe3 {[%emt 0:07:09]} 14. fxe3 {[%emt 0:00:04]} Bf5 {[%emt 0:01:34]} 15. Rd1+ {[%emt 0:06:12]} Ke7 {[%emt 0:12:24]} 16. Nd5+ {[%emt 0:04:36]} Nxd5 {[%emt 0:00:05]} 17. cxd5 {[%emt 0:00:06]} e4 {[%emt 0:08:14]} 18. dxc6 {[%emt 0:04:16]} exf3 {[%emt 0:03:22]} 19. cxb7 {[%emt 0:00:11]} Rab8 {[%emt 0:00:51]} 20. gxf3 {[%emt 0:00:10]} Rxb7 {[%emt 0:00:09]} 21. b3 {[%emt 0:01:03]} Be6 {[%emt 0:12:30]} 22. Rd4 {[%emt 0:04:24]} Rc8 {[%emt 0:01:14]} 23. Kd2 {[%emt 0:00:26]} Rc5 {[%emt 0:00:07]} 24. Bd3 {[%emt 0:01:43]} Ra5 {[%emt 0:04:19]} 25. Bb1 {[%emt 0:00:48]} Rg5 {[%emt 0:00:20]} 26. Re1 {[%emt 0:01:17]} Rbb5 {[%emt 0:00:24]} 27. Ra4 {[%emt 0:05:17]} a5 {[%emt 0:01:42]} 28. Bd3 {[%emt 0:00:25]} Rb4 {[%emt 0:03:30]} 29. Rxb4 {[%emt 0:01:05]} axb4 {[%emt 0:00:02]} 30. Re2 {[%emt 0:00:31]} Rg1 {[%emt 0:02:51]} 31. e4 {[%emt 0:01:33]} g5 {[%emt 0:00:26]} 32. Ke3 {[%emt 0:00:29]} h5 {[%emt 0:01:36]} 33. f4 {[%emt 0:05:46]} gxf4+ {[%emt 0:01:14]} 34. Kxf4 {[%emt 0:00:06]} Kd6 {[%emt 0:03:36]} 35. Bc4 {[%emt 0:03:45]} Rg4+ {[%emt 0:01:13]} 36. Ke3 {[%emt 0:00:43]} Ke5 {[%emt 0:00:18]} 37. Kd3 {[%emt 0:00:24]} h4 {[%emt 0:02:49]} 38. Bxe6 {[%emt 0:01:30]} fxe6 {[%emt 0:00:13]} 39. Kc4 {[%emt 0:00:58]} h3 {[%emt 0:01:23]} 40. Re3 {[%emt 0:00:00]} Rg2 {[%emt 0:00:00]} 41. Rxh3 {[%emt 0:01:44]} Kxe4 {[%emt 0:01:52]} 42. Rh4+ {[%emt 0:04:46]} Kf3 {[%emt 0:05:20]} 43. Rh6 {[%emt 0:06:46]} Rg4+ {[%emt 0:09:19]} 44. Kb5 {[%emt 0:08:56]} e5 {[%emt 0:00:27]} 45. h4 {[%emt 0:01:00]} Rf4 {[%emt 0:07:24]} 46. Re6 {[%emt 0:05:06]} e4 {[%emt 0:00:55]} 47. h5 {[%emt 0:00:44]} e3 {[%emt 0:00:53]} 48. h6 {[%emt 0:00:16]} Rh4 {[%emt 0:03:36]} 49. Ka4 {[%emt 0:02:01]} e2 {[%emt 0:00:31]} 50. Rf6+ {[%emt 0:01:57]} Ke3 {[%emt 0:00:16]} 51. Re6+ {[%emt 0:00:13]} Kd2 {[%emt 0:00:04]} 52. Rd6+ {[%emt 0:00:18]} Kc2 {[%emt 0:02:18]} 53. Rc6+ {[%emt 0:00:17]} Kd1 {[%emt 0:01:57]} 54. Rd6+ {[%emt 0:00:05]} Ke1 {[%emt 0:01:04]} 55. Re6 {[%emt 0:01:18]} Kd1 {[%emt 0:01:34]} 56. Rd6+ {[%emt 0:00:05]} Kc1 {[%emt 0:00:04]} 57. Rc6+ {[%emt 0:00:07]} Kd2 {[%emt 0:00:02]} 58. Rd6+ {[%emt 0:00:05]} Ke1 {[%emt 0:00:04]} 59. Re6 {[%emt 0:00:05]} 1/2-1/2